000 00406nam a2200169Ia 4500
005 20240823055745.0
008 240823s9999||||xx |||||||||||||| ||und||
041 _aENGLISH
082 _A519.2 P8
100 _aBalaji G
245 0 _aProbability and Statistics
250 _a3rd
260 _c2008
_bBalaji Publi
500 _aYES
650 _aProbability and Statistics
_bMathematics
942 _cBK
999 _c229536
_d229536